<?xml version="1.0" encoding="UTF-8"?>
<record
    xmlns:xsi="http://www.w3.org/2001/XMLSchema-instance"
    xsi:schemaLocation="http://www.loc.gov/MARC21/slim http://www.loc.gov/standards/marcxml/schema/MARC21slim.xsd"
    xmlns="http://www.loc.gov/MARC21/slim">

  <leader>00566nam a22001577a 4500</leader>
  <controlfield tag="003">OSt</controlfield>
  <controlfield tag="005">20151024160402.0</controlfield>
  <controlfield tag="008">151024b        xxu||||| |||| 00| 0 eng d</controlfield>
  <datafield tag="040" ind1=" " ind2=" ">
    <subfield code="c">RUA </subfield>
  </datafield>
  <datafield tag="082" ind1=" " ind2=" ">
    <subfield code="a">AVM HUO 2013 B107 Or.1</subfield>
  </datafield>
  <datafield tag="100" ind1=" " ind2=" ">
    <subfield code="9">2825</subfield>
    <subfield code="a">HUOT THEARY</subfield>
  </datafield>
  <datafield tag="245" ind1=" " ind2=" ">
    <subfield code="a">Nutrient value and palatable for cattle corn stalk silage, (&#x179F;&#x17B7;&#x1780;&#x17D2;&#x179F;&#x17B6;&#x179B;&#x17BE;&#x1782;&#x17BB;&#x178E;&#x1797;&#x17B6;&#x1796; &#x1793;&#x17B7;&#x1784;&#x1797;&#x17B6;&#x1796;&#x1791;&#x1791;&#x17BD;&#x179B;&#x1799;&#x1780;&#x179A;&#x1794;&#x179F;&#x17CB;&#x1782;&#x17C4; &#x179B;&#x17BE;&#x178A;&#x17BE;&#x1798;&#x1796;&#x17C4;&#x178F;&#x1795;&#x17D2;&#x17A2;&#x17B6;&#x1794;&#x17CB;)</subfield>
  </datafield>
  <datafield tag="260" ind1=" " ind2=" ">
    <subfield code="a">Phnom Penh </subfield>
    <subfield code="b">Rua </subfield>
    <subfield code="c">2013</subfield>
  </datafield>
  <datafield tag="300" ind1=" " ind2=" ">
    <subfield code="a">xp; 37p.</subfield>
    <subfield code="b">ill.</subfield>
    <subfield code="c">29cm.</subfield>
  </datafield>
  <datafield tag="942" ind1=" " ind2=" ">
    <subfield code="2">ddc</subfield>
    <subfield code="c">AVM</subfield>
  </datafield>
  <datafield tag="999" ind1=" " ind2=" ">
    <subfield code="c">2644</subfield>
    <subfield code="d">2644</subfield>
  </datafield>
  <datafield tag="952" ind1=" " ind2=" ">
    <subfield code="0">0</subfield>
    <subfield code="1">0</subfield>
    <subfield code="2">ddc</subfield>
    <subfield code="4">0</subfield>
    <subfield code="6">AVM_HUO_2013_000000000000000_B107_OR_1</subfield>
    <subfield code="7">0</subfield>
    <subfield code="9">12376</subfield>
    <subfield code="a">LBB</subfield>
    <subfield code="b">LBB</subfield>
    <subfield code="c">B107</subfield>
    <subfield code="d">2015-10-24</subfield>
    <subfield code="o">AVM HUO 2013 B107 Or.1</subfield>
    <subfield code="p">RUA017537</subfield>
    <subfield code="r">2015-10-24</subfield>
    <subfield code="w">2015-10-24</subfield>
    <subfield code="y">AVM</subfield>
  </datafield>
  <datafield tag="952" ind1=" " ind2=" ">
    <subfield code="0">0</subfield>
    <subfield code="1">0</subfield>
    <subfield code="2">ddc</subfield>
    <subfield code="4">0</subfield>
    <subfield code="6">AVM_HUO_2013_000000000000000_B107_OR_2</subfield>
    <subfield code="7">0</subfield>
    <subfield code="9">12377</subfield>
    <subfield code="a">LBB</subfield>
    <subfield code="b">LBB</subfield>
    <subfield code="c">B107</subfield>
    <subfield code="d">2015-10-24</subfield>
    <subfield code="l">1</subfield>
    <subfield code="o">AVM HUO 2013 B107 Or.2</subfield>
    <subfield code="p">RUA018066</subfield>
    <subfield code="r">2016-11-25</subfield>
    <subfield code="s">2016-11-12</subfield>
    <subfield code="w">2015-10-24</subfield>
    <subfield code="y">AVM</subfield>
  </datafield>
  <datafield tag="952" ind1=" " ind2=" ">
    <subfield code="0">0</subfield>
    <subfield code="1">0</subfield>
    <subfield code="2">ddc</subfield>
    <subfield code="4">0</subfield>
    <subfield code="6">AVM_HUO_2013_000000000000000_B107_OR_3</subfield>
    <subfield code="7">0</subfield>
    <subfield code="9">12378</subfield>
    <subfield code="a">LBB</subfield>
    <subfield code="b">LBB</subfield>
    <subfield code="c">B107</subfield>
    <subfield code="d">2015-10-24</subfield>
    <subfield code="o">AVM HUO 2013 B107 Or.3</subfield>
    <subfield code="p">RUA018210</subfield>
    <subfield code="r">2015-10-24</subfield>
    <subfield code="w">2015-10-24</subfield>
    <subfield code="y">AVM</subfield>
  </datafield>
  <datafield tag="952" ind1=" " ind2=" ">
    <subfield code="0">0</subfield>
    <subfield code="1">0</subfield>
    <subfield code="2">ddc</subfield>
    <subfield code="4">0</subfield>
    <subfield code="6">AVM_HUO_2013_000000000000000_B107_OR_4</subfield>
    <subfield code="7">0</subfield>
    <subfield code="9">12379</subfield>
    <subfield code="a">LBB</subfield>
    <subfield code="b">LBB</subfield>
    <subfield code="c">B107</subfield>
    <subfield code="d">2015-10-24</subfield>
    <subfield code="l">1</subfield>
    <subfield code="o">AVM HUO 2013 B107 Or.4</subfield>
    <subfield code="p">RUA018371</subfield>
    <subfield code="r">2023-09-01</subfield>
    <subfield code="s">2023-08-02</subfield>
    <subfield code="w">2015-10-24</subfield>
    <subfield code="y">AVM</subfield>
  </datafield>
  <datafield tag="952" ind1=" " ind2=" ">
    <subfield code="0">0</subfield>
    <subfield code="1">0</subfield>
    <subfield code="2">ddc</subfield>
    <subfield code="4">0</subfield>
    <subfield code="6">AVM_HUO_2013_000000000000000_B107_OR_5</subfield>
    <subfield code="7">0</subfield>
    <subfield code="9">12380</subfield>
    <subfield code="a">LBB</subfield>
    <subfield code="b">LBB</subfield>
    <subfield code="c">B107</subfield>
    <subfield code="d">2015-10-24</subfield>
    <subfield code="l">2</subfield>
    <subfield code="o">AVM HUO 2013 B107 Or.5</subfield>
    <subfield code="p">RUA018299</subfield>
    <subfield code="r">2016-07-05</subfield>
    <subfield code="s">2016-06-24</subfield>
    <subfield code="w">2015-10-24</subfield>
    <subfield code="y">AVM</subfield>
  </datafield>
  <datafield tag="952" ind1=" " ind2=" ">
    <subfield code="0">0</subfield>
    <subfield code="1">0</subfield>
    <subfield code="2">ddc</subfield>
    <subfield code="4">0</subfield>
    <subfield code="6">AVM_HUO_2013_000000000000000_B107_OR_6</subfield>
    <subfield code="7">0</subfield>
    <subfield code="9">12381</subfield>
    <subfield code="a">LBB</subfield>
    <subfield code="b">LBB</subfield>
    <subfield code="c">B107</subfield>
    <subfield code="d">2015-10-24</subfield>
    <subfield code="o">AVM HUO 2013 B107 Or.6</subfield>
    <subfield code="p">RUA018017</subfield>
    <subfield code="r">2015-10-24</subfield>
    <subfield code="w">2015-10-24</subfield>
    <subfield code="y">AVM</subfield>
  </datafield>
  <datafield tag="952" ind1=" " ind2=" ">
    <subfield code="0">0</subfield>
    <subfield code="1">0</subfield>
    <subfield code="2">ddc</subfield>
    <subfield code="4">0</subfield>
    <subfield code="6">AVM_HUO_2013_000000000000000_B107_OR_7</subfield>
    <subfield code="7">0</subfield>
    <subfield code="9">12382</subfield>
    <subfield code="a">LBB</subfield>
    <subfield code="b">LBB</subfield>
    <subfield code="c">B107</subfield>
    <subfield code="d">2015-10-24</subfield>
    <subfield code="o">AVM HUO 2013 B107 Or.7</subfield>
    <subfield code="p">RUA018282</subfield>
    <subfield code="r">2015-10-24</subfield>
    <subfield code="w">2015-10-24</subfield>
    <subfield code="y">AVM</subfield>
  </datafield>
  <datafield tag="952" ind1=" " ind2=" ">
    <subfield code="0">0</subfield>
    <subfield code="1">0</subfield>
    <subfield code="2">ddc</subfield>
    <subfield code="4">0</subfield>
    <subfield code="6">AVM_HUO_2013_000000000000000_B107_OR_8</subfield>
    <subfield code="7">0</subfield>
    <subfield code="9">12383</subfield>
    <subfield code="a">LBB</subfield>
    <subfield code="b">LBB</subfield>
    <subfield code="c">B107</subfield>
    <subfield code="d">2015-10-24</subfield>
    <subfield code="o">AVM HUO 2013 B107 Or.8</subfield>
    <subfield code="p">RUA018211</subfield>
    <subfield code="r">2015-10-24</subfield>
    <subfield code="w">2015-10-24</subfield>
    <subfield code="y">AVM</subfield>
  </datafield>
  <datafield tag="952" ind1=" " ind2=" ">
    <subfield code="0">0</subfield>
    <subfield code="1">0</subfield>
    <subfield code="2">ddc</subfield>
    <subfield code="4">0</subfield>
    <subfield code="6">AVM_HUO_2013_000000000000000_B1_238_OR_1</subfield>
    <subfield code="7">0</subfield>
    <subfield code="9">78950</subfield>
    <subfield code="a">LBB</subfield>
    <subfield code="b">LBB</subfield>
    <subfield code="c">B1.238</subfield>
    <subfield code="d">2019-06-19</subfield>
    <subfield code="o">AVM HUO 2013 B1.238 Or.1</subfield>
    <subfield code="p">A40371</subfield>
    <subfield code="r">2019-06-19</subfield>
    <subfield code="w">2019-06-19</subfield>
    <subfield code="y">AVM</subfield>
  </datafield>
</record>
